00561nam a2200169Ia 4500008004100000040001400041082001800055245005300073260000800126365002600134366000800160505002900168530006200197630005300259650002600312730005300338100315s9999 xx 000 0 und d cENGLISH  b6966 a495  aManners and Greetings Dictionary (Mana Jiten 27) c0  eRupees d1 b0.00  f0  gRamakant Amar Navghare  b"Doneted by Japanese Language Institute, Chiba, Japan  " aManners and Greetings Dictionary (Mana Jiten 27) aJapanese Dictionary  aManners and Greetings Dictionary (Mana Jiten 27)